Stations of Sagami Railway (Sotetsu), Tokyo, Japan - Statistics

General Stats
  • This quiz has been taken 49 times
    38 since last reset
  • The average score is 17 of 26
Answer Stats
Line Station No. Station % Correct
Main Line SO 01 Yokohama
100%
SO 18 Ebina
96%
SO 10 Futamatagawa
89%
SO 05 Hoshikawa
89%
SO 08 Nishiya
89%
SO 03 Nishi Yokohama
89%
SO 37 Shonandai
89%
SO 14 Yamato
85%
SO 34 Izumino
81%
Sotetsu Shin Yokohama Line SO 51 Hazawa Yokohama Kokudai
78%
SO 07 Kami Hoshikawa
74%
SO 02 Hiranumabashi
70%
SO 12 Mitsukyo
63%
SO 13 Seya
63%
SO 35 Izumi Chuo
59%
SO 11 Kibogaoka
56%
SO 09 Tsurugamine
56%
SO 06 Wadamachi
52%
SO 32 Ryokuentoshi
48%
SO 04 Tennocho
48%
Izumino Line SO 31 Minami Makigahara
44%
SO 17 Kashiwadai
41%
SO 36 Yumegaoka
41%
SO 16 Sagamino
33%
SO 15 Sagami Otsuka
30%
SO 33 Yayoidai
26%
No matching quizzes found
Score Distribution
Percent of People with Each Score
Percentile by Number Answered
Your Score History
You have not taken this quiz since the last reset